00629ntaaa2200169 45000030003000000050017000030080021000200400037000410820018000781000022000962450039001182500010001572600040001673000019002075000221002266500012004470120251027202614.00714s1973 ag 01  aAR-BaBNbspacAR-BaBNeaacrdRIC a369.4300 G93b aGuerra, P. Guido  aB.P., la religion en el escultismo a1 ed. aBuenos Aires : bClaretiana, c1978 a83 p ; c16 cm aReflexiones acerca de la esposicion de Baden Powell sobre el tema "La religion en los movimientos de Scouts y Guias", en la Conferencia Conjunta de Comisionados de ambos Movimientos, en High Leigh, el 2 de julio 1926 ajovenes